| 000 | 00419nam a2200157Ia 4500 | ||
|---|---|---|---|
| 005 | 20250402111105.0 | ||
| 008 | 231217s9999 xx 000 0 und d | ||
| 020 | _a9788131413418 | ||
| 082 | _a347.012 KRI;1 R | ||
| 100 | _aKrishnakumari, A ed. | ||
| 245 | 0 | _aJudicial activism : need for reforms | |
| 260 |
_c2007 _bIcfai _aHyderabad |
||
| 300 | _avii, 233 | ||
| 650 | _aJudicial,activism,reforms | ||
| 942 | _cAA | ||
| 999 |
_c189902 _d189902 |
||